Libertad de amar y derecho a morir : (Record no. 35388)
[ view plain ]
| 000 -LEADER | |
|---|---|
| fixed length control field | 00564nam a22001697a 4500 |
| 008 - FIXED-LENGTH DATA ELEMENTS--GENERAL INFORMATION | |
| fixed length control field | 121128t mx||||| |||| 00| 0 spa d |
| 020 ## - INTERNATIONAL STANDARD BOOK NUMBER | |
| International Standard Book Number | 9501402282 |
| 050 04 - LIBRARY OF CONGRESS CALL NUMBER | |
| Classification number | KKT4058.L9 |
| Item number | J56 1984 |
| 100 1# - MAIN ENTRY--PERSONAL NAME | |
| Personal name | Jiménez de Asúa, Luis |
| 245 ## - TITLE STATEMENT | |
| Title | Libertad de amar y derecho a morir : |
| Remainder of title | Ensayos de un criminalista sobre eugenesia y eutanasia / |
| Statement of responsibility, etc | Luis Jiménez de Asúa. |
| 250 ## - EDITION STATEMENT | |
| Edition statement | 7a ed. |
| 260 ## - PUBLICATION, DISTRIBUTION, ETC. (IMPRINT) | |
| Place of publication, distribution, etc | Buenos Aires : |
| Name of publisher, distributor, etc | Depalma, |
| Date of publication, distribution, etc | c1984 |
| 300 ## - PHYSICAL DESCRIPTION | |
| Extent | xxiii, 438 p. ; |
| Dimensions | 23 cm. |
| 650 #7 - SUBJECT ADDED ENTRY--TOPICAL TERM | |
| Source of heading or term | Lemb |
| Topical term or geographic name as entry element | Eutansia |
| Geographic subdivision | España |
| 650 #7 - SUBJECT ADDED ENTRY--TOPICAL TERM | |
| Source of heading or term | Lemb |
| Topical term or geographic name as entry element | Eugenesia |
| Geographic subdivision | España |
| 942 ## - ADDED ENTRY ELEMENTS (KOHA) | |
| Source of classification or shelving scheme | Clasificación Decimal Dewey |
| Koha item type | Libro |
| Estado de pérdida | Fuente de clasificación | Estado del daño | No para préstamo | Ubicación permanente | Ubicación actual | Fecha de adquisición | Enumeración de Serie / Cronológica | Clasificación | Código de Barras | Date last seen | Número de copia | Tipo de recurso | Nota pública | Fuente de adquisición | Apartado o colección | Edición | Área del conocimiento |
|---|---|---|---|---|---|---|---|---|---|---|---|---|---|---|---|---|---|
| Biblioteca del Cogreso de los Estados Unidos | Biblioteca de la Facultad de Derecho y Ciencias Sociales "Felipe J. Tena" | Biblioteca de la Facultad de Derecho y Ciencias Sociales "Felipe J. Tena" | 28/11/2012 | BFD000003146 | KKT4058.L9 J56 1984 7A ED. | BFD000003146 | 16/01/2015 | C:1 | Libro | General | |||||||
| Biblioteca del Cogreso de los Estados Unidos | Biblioteca de la Facultad de Derecho y Ciencias Sociales "Felipe J. Tena" | Biblioteca de la Facultad de Derecho y Ciencias Sociales "Felipe J. Tena" | 28/11/2012 | BFD000003147 | KKT4058.L9 J56 1984 7A ED. | BFD000003147 | 16/01/2015 | C:2 | Libro | g | |||||||
| Biblioteca del Cogreso de los Estados Unidos | Biblioteca de la Facultad de Filosofía | Biblioteca de la Facultad de Filosofía | 19/05/2016 | K5177 J55 1929 | BFF000016721 | 19/05/2016 | C:1 | Libro | General | 1a. ed. | Educación y Humanidades |